The Medieval Chronicle 16 / (Record no. 49382)
[ view plain ]
| 000 -LEADER | |
|---|---|
| fixed length control field | 02220nam a22004338i 4500 |
| 001 - ACCESSION NUMBER | |
| control field | BRILL9789004686267 |
| 003 - CONTROL NUMBER IDENTIFIER | |
| control field | nllekb |
| 005 - DATE AND TIME OF LATEST TRANSACTION | |
| control field | 20260415155106.0 |
| 006 - FIXED-LENGTH DATA ELEMENTS--ADDITIONAL MATERIAL CHARACTERISTICS--GENERAL INFORMATION | |
| fixed length control field | m d |
| 007 - PHYSICAL DESCRIPTION FIXED FIELD--GENERAL INFORMATION | |
| fixed length control field | cr un uuuua |
| 008 - FIXED-LENGTH DATA ELEMENTS--GENERAL INFORMATION | |
| fixed length control field | 231123s2024 gw sb 001 0 eng d |
| 020 ## - INTERNATIONAL STANDARD BOOK NUMBER | |
| International Standard Book Number | 9789004686267 |
| Qualifying information | (electronic book) |
| 020 ## - INTERNATIONAL STANDARD BOOK NUMBER | |
| Cancelled/invalid ISBN | 9789004684898 |
| Qualifying information | (print) |
| 024 7# - OTHER STANDARD IDENTIFIER | |
| Standard number or code | 110.1163/9789004686267 |
| Source of number or code | DOI |
| 035 ## - SYSTEM CONTROL NUMBER | |
| Canceled/invalid control number | (OCoLC)1402021024 |
| 040 ## - CATALOGING SOURCE | |
| Original cataloging agency | NL-LeKB |
| Transcribing agency | NL-LeKB |
| Description conventions | rda |
| 041 ## - LANGUAGE CODE | |
| Language code of text/sound track or separate title | eng |
| 050 #4 - LIBRARY OF CONGRESS CALL NUMBER | |
| Classification number | D116 |
| 072 #7 - SUBJECT CATEGORY CODE | |
| Subject category code | HB |
| Source | bicssc |
| 072 #7 - SUBJECT CATEGORY CODE | |
| Subject category code | HIS |
| Subject category code subdivision | 000000 |
| Source | bisacsh |
| 082 04 - DEWEY DECIMAL CLASSIFICATION NUMBER | |
| Classification number | 940.1 |
| Edition number | 23 |
| 245 14 - TITLE STATEMENT | |
| Title | The Medieval Chronicle 16 / |
| Statement of responsibility, etc | edited by Erik Kooper and Sjoerd Levelt. |
| 300 ## - PHYSICAL DESCRIPTION | |
| Extent | 1 online resource (320 pages) : |
| Other physical details | illustrations. |
| 490 1# - SERIES STATEMENT | |
| Series statement | Late Antiquity and Medieval Studies E-Books Online, Collection 2024 |
| 490 1# - SERIES STATEMENT | |
| Series statement | The Medieval Chronicle ; |
| Volume number/sequential designation | 16 |
| 504 ## - BIBLIOGRAPHY, ETC. NOTE | |
| Bibliography, etc | Includes bibliographical references and index. |
| 520 ## - SUMMARY, ETC. | |
| Summary, etc | Alongside annals, chronicles were the main genre of historical writing in the Middle Ages. All chronicles raise such questions as by whom, for whom, or for what purpose they were written, how they reconstruct the past, or which literary influences are discernible in them. Their significance as sources for the study of history, literature, linguistics, and art is widely appreciated. The series The Medieval Chronicle , published in cooperation with the Medieval Chronicle Society (medievalchronicle.org), provides a representative survey of on-going research in the field of chronicle studies, illustrated by examples from a wide variety of countries, periods, and cultural backgrounds. |
| 546 ## - LANGUAGE NOTE | |
| Language note | English |
| 650 #0 - SUBJECT ADDED ENTRY--TOPICAL TERM | |
| Topical term or geographic name as entry element | Literature, Medieval |
| General subdivision | History and criticism |
| Form subdivision | Congresses. |
| 650 #0 - SUBJECT ADDED ENTRY--TOPICAL TERM | |
| Topical term or geographic name as entry element | Literature, Medieval. |
| 650 #0 - SUBJECT ADDED ENTRY--TOPICAL TERM | |
| Topical term or geographic name as entry element | Middle Ages |
| General subdivision | Historiography |
| Form subdivision | Congresses. |
| 700 1# - ADDED ENTRY--PERSONAL NAME | |
| Personal name | Kooper, Erik, |
| Relator term | editor. |
| 700 1# - ADDED ENTRY--PERSONAL NAME | |
| Personal name | Levelt, Sjoerd, |
| Relator term | editor. |
| 776 08 - ADDITIONAL PHYSICAL FORM ENTRY | |
| Display text | Print version: |
| Title | The Medieval Chronicle 16. |
| Place, publisher, and date of publication | Leiden ; Boston : Brill, 2024. |
| International Standard Book Number | 9789004684898 |
| 830 #0 - SERIES ADDED ENTRY--UNIFORM TITLE | |
| Uniform title | Late Antiquity and Medieval Studies E-Books Online, Collection 2024. |
| 830 #0 - SERIES ADDED ENTRY--UNIFORM TITLE | |
| Uniform title | The Medieval Chronicle ; |
| Volume number/sequential designation | 16. |
| 856 4# - ELECTRONIC LOCATION AND ACCESS | |
| Uniform Resource Identifier | <a href="http://dx.doi.org/10.1163/9789004686267">http://dx.doi.org/10.1163/9789004686267</a> |
| 942 ## - ADDED ENTRY ELEMENTS (KOHA) | |
| Source of classification or shelving scheme | Dewey Decimal Classification |
| Koha item type | Electronic Books |
| Date last seen | Total Checkouts | Full call number | Barcode | Uniform Resource Identifier | Price effective from | Koha item type | Lost status | Source of classification or shelving scheme | Damaged status | Not for loan | Withdrawn status | Home library | Current library | Date acquired |
|---|---|---|---|---|---|---|---|---|---|---|---|---|---|---|
| 15/04/2026 | 940.1 | EB04576 | https://doi.org/10.1163/9789004686267 | 15/04/2026 | Electronic Books | Dewey Decimal Classification | CUTN Central Library | CUTN Central Library | 15/04/2026 |
